Science Quiz

Random Science Quiz

P3 equations to learn Quiz Stats

Quiz not verified by Sporcle

Challenge
Share
Tweet
Embed
Score 0/7 Timer 03:00
0 Plays Today
subject formula % Correct
forcemass x acceleration
91.2%
momentummass x velocity
71.9%
wave speedfrequency x wavelength
54.4%
energy mass x speed of light squared
45.6%
chargecurrent x time
40.4%
kinetic energyhalf x mass x velocity squared
36.8%
total chargenumber of electrons x charge on an electron
24.6%

You're not logged in!

Compare scores with friends on all Sporcle quizzes.
Sign Up with Email
OR
Log In

You Might Also Like...

Show Comments

Extras

Top Quizzes Today


Score Distribution

Your Account Isn't Verified!

In order to create a playlist on Sporcle, you need to verify the email address you used during registration. Go to your Sporcle Settings to finish the process.

Report this User

Report this user for behavior that violates our Community Guidelines.

Details: